Financial Services and Systems (Record no. 1704)

MARC details
000 -LEADER
fixed length control field 00419nam a22001697a 4500
005 - DATE AND TIME OF LATEST TRANSACTION
control field 20180305110011.0
008 - FIXED-LENGTH DATA ELEMENTS--GENERAL INFORMATION
fixed length control field 160525b xxu||||| |||| 00| 0 eng d
020 ## - INTERNATIONAL STANDARD BOOK NUMBER
ISBN 978-0-07-015335-6
041 ## - LANGUAGE CODE
Language code of text/sound track or separate title eng
082 ## - DEWEY DECIMAL CLASSIFICATION NUMBER
Item number 4886
Classification number 332
100 ## - MAIN ENTRY--AUTHOR NAME
Personal name Gurusamy, S Dr.
245 ## - TITLE STATEMENT
Title Financial Services and Systems
260 ## - PUBLICATION, DISTRIBUTION, ETC. (IMPRINT)
Place of publication New Delhi
Name of publisher Academic Faundation
300 ## - PHYSICAL DESCRIPTION
Number of Pages 402
650 ## - SUBJECT ADDED ENTRY--TOPICAL TERM
Topical Term Management
942 ## - ADDED ENTRY ELEMENTS (KOHA)
Koha item type Books
Holdings
Lost status Damaged status Collection code Home library Current library Shelving location Date acquired Full call number Accession Number Koha item type
    MANAGEMENT JRU Library JRU Library SHELF-61-J 25/05/2016 332 4886 Books
    Reference JRU Library   SHELF-28-A 25/05/2016 332 4887 Books
    MANAGEMENT JRU Library JRU Library SHELF-35-C 25/05/2016 332 4888 Books
    MANAGEMENT JRU Library JRU Library SHELF-35-D 25/05/2016 332 4889 Books
    MANAGEMENT JRU Library JRU Library SHELF-61-J 25/05/2016 332 4890 Books
    MANAGEMENT JRU Library JRU Library SHELF-61-J 25/05/2016 332 4891 Books